Hamilton's Ricci Flow
Αποθηκεύτηκε σε:
| Κύριος συγγραφέας: | |
|---|---|
| Άλλοι συγγραφείς: | , |
| Μορφή: | Βιβλίο |
| Γλώσσα: | English |
| Δημοσίευση: |
Providence, R.I. :
American Mathematical Society/Science Press,
c2006
|
| Σειρά: | Graduate studies in mathematics ;
; 77 |
| Θέματα: | |
| Ετικέτες: |
Προσθήκη ετικέτας
Δεν υπάρχουν, Καταχωρήστε ετικέτα πρώτοι!
|
MARC
| LEADER | 00000nam a2200000 i 4500 | ||
|---|---|---|---|
| 001 | 1/100610 | ||
| 008 | 090203s2006 eng d | ||
| 020 | |a 0-8218-4231-5 | ||
| 035 | |l 10102921 | ||
| 040 | |a GR-MY-UA |b gre |e aacr | ||
| 041 | 0 | |a eng | |
| 082 | 0 | |a 516.362 |2 (22) | |
| 100 | 1 | |a Chow, Bennett. | |
| 245 | 1 | 0 | |a Hamilton's Ricci Flow / |c Bennett Chow, Peng Lu, Lei Ni |
| 260 | |a Providence, R.I. : |b American Mathematical Society/Science Press, |c c2006 | ||
| 300 | |a xxxvi, 608 σ.; |c 27 εκ. | ||
| 490 | 1 | |a Graduate studies in mathematics |v ; 77 | |
| 504 | |a Περιέχει βιβλιογραφία (σ. 573-601) και ευρετήριο | ||
| 650 | 0 | 0 | |a Global differential geometry. |
| 650 | 0 | 0 | |a Ricci flow. |
| 650 | 0 | 0 | |a Riemannian manifolds. |
| 700 | 1 | |a Lu, Peng |d 1964- | |
| 700 | 1 | |a Ni, Lei |d 1969- | |
| 830 | 0 | |a Graduate studies in mathematics ; |v ; 77 | |
| 852 | |a INST |b SAMOS |e 20090203 |h 516.362 CHO |p 005300029451 |q 005300029451 |t BK |y 0 | ||
| 901 | |a BIBL3-2009-1 | ||
| 909 | |a Σ |b 155518 | ||
| 922 | |a 3ΕΛΗ |b 200808 |c ΕΠΕΑΕΚ2/ΤΜΗΜΑ ΜΑΘΗΜΑΤΙΚΩΝ-ΠΡΟΠΤΥΧΙΑΚΟ |d ΜΙΧΑΛΟΠΟΥΛΟΣ | ||
| 970 | |a ΣΙΤΖΙΜΗ |b ΓΙΑΣΕΜΗ |z 2009/02/03 | ||